La Obra asistencial de la diputación provincial de Barcelona /
Descripción Física:
Il·lustracions
Colección:
San Jorge,
; núm. 15 (juliol 1954), pàg 71-73
Materias:
Hospital de la Santa Cruz y de San Pablo (Barcelona, Catalunya)
; Hospitals -- Administració
Idioma:
Español
MARC
| LEADER | 00000naa a2200000 a 4500 | ||
|---|---|---|---|
| 003 | Arxiu | ||
| 005 | 20260324181038.0 | ||
| 008 | 160829s1954 spcaxx s spa c 000 0 cat d | ||
| 040 | |a AGDB | ||
| 100 | 1 | |a Cornudella i Capdevila, Josep, |9 31056 |d 1895-1985 | |
| 245 | 1 | 3 | |a La Obra asistencial de la diputación provincial de Barcelona / |c por el doctor José Cornudella |
| 300 | |b Il·lustracions | ||
| 490 | |a San Jorge, |v núm. 15 (juliol 1954), pàg 71-73 | ||
| 610 | 2 | 0 | |9 55041 |a Hospital de la Santa Cruz y de San Pablo (Barcelona, Catalunya) |
| 650 | 0 | |a Hospitals |x Administració |9 31058 |2 Arxiu | |
| 773 | |g Núm. 15 (juliol 1954), pàg 71 - 73 |t San Jorge. | ||
| 901 | |a Arxiu | ||
| 942 | |n 1 |2 udc |c ART | ||
| 952 | |0 0 |1 0 |4 0 |6 REV509 |7 1 |9 64988 |a Arxiu |b Arxiu |d 2023-01-10 |l 0 |o Rev-509 |r 2023-01-10 00:00:00 |w 2023-01-10 |y ARXIU |z També disponible a Rev-523 | ||
| 999 | |c 48796 |d 48796 | ||